00717nam a2200157Ia 4500008004100000024006300041082001900104100008700123245003000210260002500240600002700265650003300292856010700325952011000432999001700542250506s9999 xx 000 0 und d a08B-37-EE, 08B-53-EE, 08B-32-EE, 08B-47-EE & 08B-89-EE a621.815072 MUH aMuhammad Naveed, Muhammad Younis, Muhammad Faheem, Hammad Akhtar & Muhammad Salman 0aPly Sheet Cutting Machine aKarachi:bUIT,c2008 aElectronic Engineering aBachelor of Engineering (BE) uhttps://drive.google.com/file/d/1e_ZKyrBYogzwPE-xbSl4B37eLdiGzZpS/view?usp=sharingyClick here for PDF 001040708PR-EEaUITUbUITUd2022-07-26l0o621.815072 MUHpEE-216r2025-05-06 11:34:14w2025-05-06yPR c27968d27968